[Event "25th Czech Rapid G1 2014"]
[Site "Pardubice CZE"]
[Date "2014.07.16"]
[Round "1.1"]
[White "Nisipeanu, Liviu-Dieter"]
[Black "Nguyen, Thai Dai Van"]
[Result "1-0"]
[WhiteTitle "GM"]
[BlackTitle "CM"]
[WhiteElo "2686"]
[BlackElo "2261"]
[WhiteFideId "1202758"]
[BlackFideId "358878"]
[EventDate "2014.07.16"]

1. Nf3 d5 2. d4 Nf6 3. c4 e6 4. Nc3 Be7 5. Bf4 O-O 6. a3 a6 7. c5 b6 8. b4 Bb7
9. e3 a5 10. Bd3 axb4 11. axb4 Nc6 12. Rb1 bxc5 13. bxc5 Ba6 14. O-O Bxd3 15.
Qxd3 Nh5 16. Qb5 Na5 17. Ra1 c6 18. Qa4 Nxf4 19. exf4 Qc7 20. g3 g6 21. h4 h5
22. Rfb1 Kg7 23. Kg2 Bf6 24. Ne5 Bxe5 25. fxe5 Ra7 26. Ra2 Rfa8 27. Rba1 Kg8 28.
Ne2 Kg7 29. Nf4 Qb7 30. Nd3 Kg8 31. Qb4 Qxb4 32. Nxb4 Kf8 33. Nd3 Ke7 34. Nc1
Kf8 35. Nb3 Nxb3 36. Rxa7 Rxa7 37. Rxa7 Nxd4 38. Rc7 Ke8 39. f3 Nb3 40. Rxc6 Kd7
41. Rd6+ Kc7 42. Ra6 Nxc5 43. Ra7+ Nb7 44. g4 Kc6 45. Ra8 d4 46. Rf8 Nc5 47.
Rxf7 Kd5 48. Rg7 d3 49. Kf2 Kd4 50. Rxg6 Kc3 51. gxh5 d2 52. Rg1 Kc2 53. Ke3 Nd3
54. Rg2 1-0

[Event "25th Czech Rapid G1 2014"]
[Site "Pardubice CZE"]
[Date "2014.07.16"]
[Round "1.2"]
[White "Lokander, Martin"]
[Black "Navara, David"]
[Result "0-1"]
[WhiteTitle "FM"]
[BlackTitle "GM"]
[WhiteElo "2309"]
[BlackElo "2716"]
[WhiteFideId "1709569"]
[BlackFideId "309095"]
[EventDate "2014.07.16"]

1. d4 Nf6 2. Bg5 d5 3. e3 c5 4. Bxf6 gxf6 5. Nc3 Nc6 6. dxc5 e6 7. Qh5 Bxc5 8.
O-O-O f5 9. g4 fxg4 10. Qxg4 Qf6 11. Qf3 Qe5 12. Nge2 Bd7 13. Nf4 Qf6 14. Be2
O-O-O 15. Qh5 Kb8 16. Rhg1 Bb4 17. Nb1 Rc8 18. Nd3 Bd6 19. Nd2 e5 20. Nb3 Bf5
21. Qg5 Qxg5 22. Rxg5 Bg6 23. a3 Be7 24. Rgg1 Rhd8 25. Kb1 d4 26. exd4 Nxd4 27.
Nxd4 Rxd4 28. c3 Re4 29. Bf1 Rd8 30. Ka1 Rh4 31. Be2 e4 32. Ne5 Rxh2 33. Rxd8+
Bxd8 34. Rd1 Bc7 35. Nd7+ Ka8 36. Nc5 Rxf2 37. Rd7 Kb8 38. Re7 Rxe2 39. Re8+ Bd8
40. Rxd8+ Kc7 41. Re8 f5 42. Rf8 e3 43. Ne6+ Kd6 44. Nd4 Rf2 45. Rd8+ Ke7 46.
Rd5 Rf1+ 0-1

[Event "25th Czech Rapid G1 2014"]
[Site "Pardubice CZE"]
[Date "2014.07.16"]
[Round "1.3"]
[White "Oparin, Grigoriy"]
[Black "Keilhack, Harald"]
[Result "1-0"]
[WhiteTitle "GM"]
[BlackTitle "FM"]
[WhiteElo "2550"]
[BlackElo "2250"]
[WhiteFideId "24125890"]
[BlackFideId "4601904"]
[EventDate "2014.07.16"]

1. e4 c5 2. Nf3 e6 3. d4 cxd4 4. Nxd4 Nf6 5. Nc3 d6 6. g4 e5 7. Nf5 h5 8. Bb5+
Nc6 9. Bg5 hxg4 10. Qd2 Bxf5 11. exf5 Qd7 12. O-O-O O-O-O 13. Kb1 Qxf5 14. Nd5
Ne4 15. Qd3 Qxg5 16. Qxe4 Nd4 17. a4 Qg6 18. Rxd4 exd4 19. Qxd4 Kb8 20. Re1 Rc8
21. Re4 f5 22. Re3 Rxh2 23. Bd7 f4 24. Rc3 Rc5 25. Qxf4 Rh1+ 26. Ka2 1-0

[Event "25th Czech Rapid G1 2014"]
[Site "Pardubice CZE"]
[Date "2014.07.16"]
[Round "1.4"]
[White "Semenova, Elena1"]
[Black "Bryzgalin, Kirill"]
[Result "0-1"]
[WhiteTitle "WIM"]
[BlackTitle "GM"]
[WhiteElo "2215"]
[BlackElo "2460"]
[WhiteFideId "24125148"]
[BlackFideId "4133285"]
[EventDate "2014.07.16"]

1. e4 e5 2. Nf3 Nc6 3. Nc3 g6 4. Bb5 Bg7 5. Bxc6 bxc6 6. O-O c5 7. d3 Ne7 8. Be3
d6 9. Qd2 h6 10. Qe2 f5 11. exf5 Nxf5 12. Nd2 O-O 13. Nde4 Be6 14. Bd2 Nd4 15.
Qd1 c4 16. Ne2 Nf5 17. f4 cxd3 18. cxd3 exf4 19. Nxf4 Bf7 20. Nc3 Rb8 21. Re1
Rxb2 22. Ne6 Bxe6 23. Rxe6 Kh7 24. Rc1 Nd4 25. Re4 c5 26. a4 Rxd2 27. Qxd2 Nb3
28. Qc2 Nxc1 29. Qxc1 Qf6 30. Ne2 Qf2+ 0-1

[Event "25th Czech Rapid G1 2014"]
[Site "Pardubice CZE"]
[Date "2014.07.16"]
[Round "1.5"]
[White "Vajda, Levente"]
[Black "Travkina, Anastasia"]
[Result "1-0"]
[WhiteTitle "GM"]
[BlackTitle "WFM"]
[WhiteElo "2569"]
[BlackElo "2200"]
[WhiteFideId "1203975"]
[BlackFideId "24129151"]
[EventDate "2014.07.16"]

1. Nf3 Nf6 2. g3 d5 3. Bg2 Bf5 4. O-O h6 5. c4 c6 6. d4 e6 7. Nc3 Be7 8. Ne5 O-O
9. cxd5 exd5 10. f3 Bh7 11. e4 Nbd7 12. Nxd7 Qxd7 13. e5 Ne8 14. g4 f5 15. exf6
Nxf6 16. Ne2 Bd6 17. Bf4 Rae8 18. Bxd6 Qxd6 19. Qd2 Re7 20. Ng3 Rfe8 21. Rfe1
Bg6 22. Rxe7 Qxe7 23. Bf1 Nh7 24. Kg2 Qf6 25. Qf2 Ng5 26. Rd1 Rf8 27. Be2 Qf4
28. h4 Ne4 29. Nxe4 dxe4 30. Re1 Kh8 31. Bd1 Rd8 32. h5 Bh7 33. fxe4 Bxe4+ 34.
Kg1 Qxf2+ 35. Kxf2 Bd3 36. Bb3 a5 37. Re7 b5 38. Ke3 Bb1 39. a3 a4 40. Bf7 Bc2
41. Re8+ Rxe8+ 42. Bxe8 Bd1 43. Kf4 Kg8 44. Bxc6 Be2 45. Bf3 Bc4 46. Ke5 Kf8 47.
d5 Ke7 48. Be4 Be2 49. Bf5 Bc4 50. d6+ Kf7 51. Bg6+ Kf8 52. d7 Ke7 53. Bf5 Be2
54. Kf4 Bf1 55. g5 Be2 56. gxh6 gxh6 57. Bg4 Bd3 58. Ke3 Bf1 59. Kd4 Bc4 60. Kc5
Bd3 61. Kb6 1-0

[Event "25th Czech Rapid G1 2014"]
[Site "Pardubice CZE"]
[Date "2014.07.16"]
[Round "1.6"]
[White "Bibik, Jura"]
[Black "Petr, Martin"]
[Result "1/2-1/2"]
[WhiteTitle "IM"]
[BlackTitle "GM"]
[WhiteElo "2228"]
[BlackElo "2540"]
[WhiteFideId "4113071"]
[BlackFideId "318299"]
[EventDate "2014.07.16"]

1. d4 Nf6 2. Nf3 g6 3. Nbd2 d5 4. e3 Bg7 5. b4 O-O 6. c4 a5 7. b5 c5 8. Bb2 Ne4
9. cxd5 Nxd2 10. Qxd2 Qxd5 11. a4 Bg4 12. Be2 Nd7 13. h3 Bf5 14. O-O Be4 15.
Rfd1 Rfd8 16. Rac1 Nb6 17. Rxc5 Qxc5 18. dxc5 Rxd2 19. Nxd2 Bxb2 20. Nxe4 Nxa4
21. Rd7 f5 22. Bd1 fxe4 23. Bxa4 Rc8 24. c6 bxc6 25. bxc6 Kf7 26. Rd5 Bc3 27.
Rc5 Bb4 28. Rc4 Bd6 29. Rxe4 Rb8 30. g3 Rb4 31. Rxb4 axb4 32. Kf1 Ke6 33. Ke2
Kd5 34. Kd3 g5 35. f4 gxf4 36. gxf4 Bc7 37. e4+ Kc5 38. f5 Be5 39. h4 Bc7 1/2-1/2

[Event "25th Czech Rapid G1 2014"]
[Site "Pardubice CZE"]
[Date "2014.07.16"]
[Round "1.7"]
[White "Babula, Vlastimil"]
[Black "Belousov, Gennadiy"]
[Result "1-0"]
[WhiteTitle "GM"]
[WhiteElo "2549"]
[BlackElo "2222"]
[WhiteFideId "301264"]
[BlackFideId "24183342"]
[EventDate "2014.07.16"]

1. d4 d5 2. c4 dxc4 3. e3 e5 4. Bxc4 exd4 5. exd4 Nf6 6. Nf3 Be7 7. O-O O-O 8.
Nc3 Bg4 9. h3 Bh5 10. g4 Bg6 11. Ne5 c5 12. d5 a6 13. a4 Nfd7 14. Nxg6 hxg6 15.
Bf4 Nb6 16. Ba2 Nc8 17. Ne4 Nd7 18. d6 Bf6 19. Nxf6+ Qxf6 20. Qd2 Na7 21. Rad1
Nc6 22. Bg5 Qf3 23. Qe3 Nd4 24. Be7 Qc6 25. f4 Qxa4 26. Bd5 Nb6 27. Bxb7 Rab8
28. Bxf8 Rxb7 29. Qe4 Rb8 30. Be7 Nc4 31. d7 Qxd7 32. Bxc5 Rd8 33. Rxd4 1-0

[Event "25th Czech Rapid G1 2014"]
[Site "Pardubice CZE"]
[Date "2014.07.16"]
[Round "1.8"]
[White "Yakimenko, Alexander A."]
[Black "Chernyshov, Konstantin"]
[Result "1/2-1/2"]
[BlackTitle "GM"]
[WhiteElo "2142"]
[BlackElo "2508"]
[WhiteFideId "24141917"]
[BlackFideId "4117328"]
[EventDate "2014.07.16"]

1. d4 e6 2. e4 d5 3. Nc3 Be7 4. Nf3 dxe4 5. Nxe4 Nf6 6. Bd3 Nxe4 7. Bxe4 Nd7 8.
O-O Nf6 9. Bd3 O-O 10. Qe2 b6 11. c3 Bb7 12. Bg5 h6 13. Bf4 Bd6 14. Be5 c5 15.
Rad1 cxd4 16. Bxd4 Bxf3 17. Qxf3 e5 18. Be3 Qe7 19. Qf5 Rad8 20. Bc2 Bc7 21.
Rde1 Qd7 22. Rd1 Qxf5 23. Bxf5 g6 24. Bc2 Kg7 25. f3 Nd5 26. Bf2 Nf4 27. Rfe1 f6
28. Kf1 Kf7 29. g3 Ne6 30. Be3 h5 31. Ke2 f5 32. Bb3 Kf6 33. Rxd8 Rxd8 34. Rd1
Rxd1 35. Bxd1 g5 36. Bb3 g4 37. Bf2 Bd6 38. Bd5 Bc5 39. b4 Bxf2 40. Kxf2 Nc7 41.
Bc6 Ke6 42. c4 a5 43. a3 axb4 44. axb4 Kd6 45. Bb7 Ne6 46. Ke3 Nd4 47. fxg4 hxg4
48. Kd3 Nc6 49. Bxc6 Kxc6 50. Ke3 Kd6 51. Kd3 e4+ 52. Ke2 Ke6 53. Kf2 Kd6 54.
Ke2 Ke6 1/2-1/2

[Event "25th Czech Rapid G1 2014"]
[Site "Pardubice CZE"]
[Date "2014.07.16"]
[Round "1.9"]
[White "Sergeev, Vladimir"]
[Black "Wagener, Claude"]
[Result "1/2-1/2"]
[WhiteTitle "GM"]
[BlackTitle "FM"]
[WhiteElo "2447"]
[BlackElo "2259"]
[WhiteFideId "14101076"]
[BlackFideId "4000471"]
[EventDate "2014.07.16"]

1. d4 Nf6 2. Nf3 g6 3. Bg5 Bg7 4. Nbd2 d5 5. e3 O-O 6. Be2 c5 7. c3 b6 8. O-O
Nc6 9. a3 Bb7 10. b4 cxd4 11. cxd4 Ne4 12. Nxe4 dxe4 13. Nd2 h6 14. Bh4 g5 15.
Bg3 e5 16. d5 Ne7 17. Nc4 Nxd5 18. Qb3 Qe7 19. Rad1 Rad8 20. f3 exf3 21. Bxf3
Kh8 22. Be4 Nc3 23. Qxc3 Bxe4 24. Rxd8 Rxd8 25. Bxe5 f5 26. b5 Kh7 27. Bxg7 Qxg7
28. Qb4 Qf8 29. Qxf8 Rxf8 30. Nd6 Rd8 31. Nxe4 fxe4 32. Rf7+ Kg6 33. Rxa7 Rd3
34. Ra6 Rxe3 35. Rxb6+ Kf5 36. a4 Ra3 37. Rxh6 Rxa4 38. Kf2 Rb4 39. b6 Rb3 40.
Rd6 Ke5 41. Rc6 Kd4 42. Rd6+ Ke5 43. Rc6 Kd4 44. h3 Rb2+ 45. Kg3 Kd3 46. Rd6+
Ke2 47. Kg4 Kf2 48. Kxg5 Kxg2 49. h4 e3 50. h5 e2 51. Re6 Rb5+ 52. Kg4 Kf2 53.
Rf6+ Kg2 54. Re6 Kf2 55. h6 Rxb6 56. Rxb6 e1=Q 57. Rf6+ Kg2 58. Kg5 Qg3+ 59. Kf5
Qd3+ 60. Kg5 Qg3+ 61. Kf5 Qd3+ 62. Ke5 Qe3+ 63. Kf5 Qd3+ 1/2-1/2

[Event "25th Czech Rapid G1 2014"]
[Site "Pardubice CZE"]
[Date "2014.07.16"]
[Round "1.10"]
[White "Kutynec, Vladimir"]
[Black "Megaranto, Susanto"]
[Result "0-1"]
[WhiteTitle "IM"]
[BlackTitle "GM"]
[WhiteElo "2305"]
[BlackElo "2532"]
[WhiteFideId "4119843"]
[BlackFideId "7101384"]
[EventDate "2014.07.16"]

1. d4 Nf6 2. Nf3 e6 3. c4 Bb4+ 4. Bd2 a5 5. g3 b6 6. Bg2 Bb7 7. O-O O-O 8. Nc3
d6 9. Qc2 Nbd7 10. Rfe1 Bxc3 11. Bxc3 Be4 12. Qd2 Qb8 13. Qf4 b5 14. cxb5 Qxb5
15. e3 Qb7 16. Nh4 h6 17. Bxe4 Nxe4 18. Qf3 Ndf6 19. Rec1 a4 20. Qe2 d5 21. f3
Nd6 22. Ng2 Rfb8 23. Nf4 Nc4 24. Nd3 Nd7 25. Bb4 Qb5 26. Rc2 e5 27. b3 axb3 28.
Rc3 b2 29. Rb1 Rxa2 30. Kf2 Ra1 31. Qc2 Rxb1 32. Qxb1 e4 0-1

[Event "25th Czech Rapid G1 2014"]
[Site "Pardubice CZE"]
[Date "2014.07.16"]
[Round "1.11"]
[White "Lalic, Bogdan"]
[Black "Rjabzev, Konstantin"]
[Result "1/2-1/2"]
[WhiteTitle "GM"]
[BlackTitle "IM"]
[WhiteElo "2482"]
[BlackElo "2308"]
[WhiteFideId "409081"]
[BlackFideId "4150015"]
[EventDate "2014.07.16"]

1. d4 d5 2. c4 e6 3. Nc3 Be7 4. Nf3 Nf6 5. Bf4 O-O 6. a3 c5 7. dxc5 Bxc5 8. e3
Nc6 9. Qc2 Re8 10. Bg3 d4 11. exd4 Nxd4 12. Nxd4 Qxd4 13. Be2 Bf8 14. Nb5 Qe4
15. Qxe4 Nxe4 16. Nc7 Nxg3 17. hxg3 Bd7 18. Nxa8 Rxa8 19. O-O Rc8 20. Rac1 g6
21. b4 Bg7 22. Rfd1 Ba4 23. Rd3 Bb2 24. Rb1 Bf6 25. Bd1 Bc6 26. Bf3 Bxf3 27.
gxf3 Rxc4 28. Rbd1 b6 29. Rd7 a5 30. bxa5 bxa5 31. Ra7 Bd4 32. Rxa5 e5 33. Rd2
Kg7 34. Kg2 h5 35. Rd5 Ra4 36. f4 f6 37. fxe5 Bxe5 38. R5d3 h4 39. gxh4 Rxh4 40.
Rh3 Rg4+ 41. Kf1 g5 42. Ra2 Ra4 43. Rb3 Bd6 44. Rd2 Bc5 45. Rc3 Bf8 46. Rdd3 Kg6
47. f3 Kf5 48. Ke2 Kf4 49. Kd2 f5 50. Kc2 g4 51. fxg4 fxg4 52. Rd1 Kg5 53. Rd8
Bxa3 54. Rg8+ Kh4 55. Kb3 Ra5 56. Rc4 Rg5 57. Rh8+ Rh5 58. Rxh5+ Kxh5 59. Kxa3
g3 60. Kb2 g2 61. Rc8 Kh4 62. Rg8 Kh3 63. Kc2 Kh2 1/2-1/2

[Event "25th Czech Rapid G1 2014"]
[Site "Pardubice CZE"]
[Date "2014.07.16"]
[Round "1.12"]
[White "Soural, Jan"]
[Black "Cvek, Robert"]
[Result "0-1"]
[BlackTitle "GM"]
[WhiteElo "2234"]
[BlackElo "2516"]
[WhiteFideId "311928"]
[BlackFideId "307424"]
[EventDate "2014.07.16"]

1. d4 Nf6 2. c4 e6 3. Nc3 Bb4 4. e3 O-O 5. Ne2 Re8 6. a3 Bf8 7. Nf4 d6 8. Be2 c6
9. O-O e5 10. dxe5 dxe5 11. Qxd8 Rxd8 12. Nd3 Re8 13. Rd1 Bf5 14. Bd2 Nbd7 15.
Be1 h5 16. Rd2 Nb6 17. c5 Bxd3 18. cxb6 Bxe2 19. Nxe2 axb6 20. Rad1 b5 21. Rd3
Nd5 22. Ng3 g6 23. Ne4 Be7 24. Kf1 f5 25. Nc3 Nb6 26. e4 f4 27. f3 Rad8 28. Rxd8
Rxd8 29. Bf2 Nc4 30. Rxd8+ Bxd8 31. Nd1 Be7 32. Ke2 Kf7 33. Kd3 Ke6 34. a4 Nd6
35. Nc3 bxa4 36. Nxa4 Nc8 37. Bc5 Bd8 38. Bf2 Be7 39. Bc5 Bd6 40. Bf2 b5 41. Nc3
g5 42. h3 Ne7 43. Bg1 Ng6 44. Bf2 Kd7 45. Nb1 Bb4 46. Kc2 c5 47. Kb3 Kc6 48. Nc3
Bxc3 49. bxc3 Nh4 50. Bxh4 gxh4 51. c4 Kb6 52. Kc3 Ka5 0-1

[Event "25th Czech Rapid G1 2014"]
[Site "Pardubice CZE"]
[Date "2014.07.16"]
[Round "1.13"]
[White "Baryshpolets, Andrey"]
[Black "Blecha, Miroslav"]
[Result "1/2-1/2"]
[WhiteTitle "GM"]
[WhiteElo "2546"]
[BlackElo "2225"]
[WhiteFideId "14117207"]
[BlackFideId "311758"]
[EventDate "2014.07.16"]

1. d4 Nf6 2. c4 e6 3. Nf3 b6 4. g3 Ba6 5. b3 Bb4+ 6. Bd2 Be7 7. Bg2 O-O 8. O-O
c6 9. Qc2 d5 10. Rd1 Nbd7 11. Bf4 Rc8 12. Nc3 dxc4 13. e4 c5 14. d5 exd5 15.
exd5 Nh5 16. Be3 g6 17. Nd2 cxb3 18. axb3 Nb8 19. Bh6 Ng7 20. Nde4 f5 21. d6
fxe4 22. dxe7 Qxe7 23. Bxe4 Rcd8 24. Re1 Qf7 25. Bf4 Bb7 26. Rad1 Bxe4 27. Nxe4
Nc6 28. Rxd8 Rxd8 29. Nd6 Qd5 30. Qc4 Qxc4 31. Nxc4 Nf5 32. Bg5 Rf8 33. Kg2 Nfd4
34. Re3 Kg7 35. h4 Nc2 36. Re6 N2d4 37. Re3 Nc2 38. Re6 N6d4 39. Re7+ 1/2-1/2

[Event "25th Czech Rapid G1 2014"]
[Site "Pardubice CZE"]
[Date "2014.07.16"]
[Round "1.14"]
[White "Gergel, Vladimir P"]
[Black "Teske, Henrik"]
[Result "1/2-1/2"]
[WhiteTitle "FM"]
[BlackTitle "GM"]
[WhiteElo "2227"]
[BlackElo "2512"]
[WhiteFideId "14100550"]
[BlackFideId "4611500"]
[EventDate "2014.07.16"]

1. e4 c6 2. c4 e5 3. Nc3 Bc5 4. Nf3 d6 5. d3 Nf6 6. h3 O-O 7. Be2 b5 8. O-O bxc4
9. dxc4 h6 10. a3 a5 11. Qc2 Be6 12. Na4 Nbd7 13. Be3 Bxe3 14. fxe3 Nb6 15. Nxb6
Qxb6 16. c5 Qxc5 17. Qxc5 dxc5 18. Nxe5 Rfb8 19. Nxc6 Rxb2 20. Bf3 Ra6 21. Ne7+
Kf8 22. Nd5 Nd7 23. Rfb1 Rxb1+ 24. Rxb1 g6 25. Kf2 Ne5 26. Be2 c4 27. Rb5 Bd7
28. Rc5 Rc6 29. Rxa5 c3 30. Nxc3 Rxc3 31. Rxe5 Rxa3 32. Bf3 Ra2+ 33. Kg3 Ra3 34.
Kf2 Ra2+ 35. Kg3 Ra3 36. Kf2 Ra2+ 37. Kg3 h5 38. Rd5 Be6 39. Rd3 Kg7 40. h4 Kf6
41. Rc3 Ra5 42. Kf4 Ra4 43. Rd3 Ke7 44. Rd4 Ra5 45. e5 Kf8 46. Rd6 Kg7 47. Rd4
Rb5 48. Ra4 Rc5 49. Rd4 Ra5 50. Rb4 Kh6 51. Rd4 Kg7 52. Rd6 Ra4+ 53. Rd4 Ra1 54.
Bd5 Rf1+ 55. Bf3 Kh6 56. Rd8 Rh1 57. Kg3 Rf1 58. Rh8+ Kg7 59. Rd8 Re1 60. Kf4
Rh1 61. Kg3 Ra1 62. Rd4 Ra5 63. Kf4 1/2-1/2

[Event "25th Czech Rapid G1 2014"]
[Site "Pardubice CZE"]
[Date "2014.07.16"]
[Round "1.15"]
[White "Pavlidis, Antonios"]
[Black "Jeitz, Christian"]
[Result "1-0"]
[WhiteTitle "IM"]
[WhiteElo "2479"]
[BlackElo "2189"]
[WhiteFideId "4212312"]
[BlackFideId "4000803"]
[EventDate "2014.07.16"]

1. e4 c5 2. Nf3 Nc6 3. Bb5 g6 4. Bxc6 dxc6 5. h3 Bg7 6. O-O e5 7. d3 Qe7 8. Be3
Nf6 9. Nc3 Nd7 10. Qd2 Nf8 11. Bh6 Bxh6 12. Qxh6 f6 13. Nh2 Be6 14. f4 exf4 15.
Qxf4 Nd7 16. Qh6 O-O-O 17. a3 f5 18. Rae1 Qd6 19. exf5 Bxf5 20. Rxf5 Qd4+ 21.
Rf2 Rhf8 22. Nf3 1-0

[Event "25th Czech Rapid G1 2014"]
[Site "Pardubice CZE"]
[Date "2014.07.16"]
[Round "1.16"]
[White "Seidl, Stepan"]
[Black "Yuffa, Daniil"]
[Result "0-1"]
[BlackTitle "IM"]
[WhiteElo "2209"]
[BlackElo "2447"]
[WhiteFideId "338290"]
[BlackFideId "24131423"]
[EventDate "2014.07.16"]

1. e4 c5 2. Nf3 Nc6 3. d4 cxd4 4. Nxd4 Nf6 5. Nc3 d6 6. Bg5 Bd7 7. Bxf6 gxf6 8.
Nf5 Qa5 9. Bd3 e6 10. Ne3 a6 11. Be2 b5 12. a3 Qb6 13. Bh5 Qc5 14. O-O Ne5 15.
Ne2 Bh6 16. b4 Qc7 17. Ng4 Nxg4 18. Bxg4 Ke7 19. c3 Rhg8 20. Bf3 Rac8 21. Qd3
Qc4 22. Qd1 Bc6 23. Nd4 Qxc3 24. Nxc6+ Rxc6 25. a4 Rc7 26. axb5 axb5 27. g3 Qxb4
28. Rb1 Qc5 29. Qb3 Rb8 30. Be2 b4 31. Kg2 Bd2 32. Rfd1 Bc3 33. Rd3 Qc4 34. Rxc3
Qxc3 35. Qa4 Qc2 36. Qa5 Rbb7 37. Re1 Qd2 38. Kf1 Rc1 39. Rxc1 Qxc1+ 40. Kg2 Qc5
41. Qa6 Qb6 42. Qc4 b3 43. Bd3 b2 44. Bb1 Rc7 45. Qd3 Qc6 46. Kh3 Qc4 47. Qa3
Qf1+ 0-1

[Event "25th Czech Rapid G1 2014"]
[Site "Pardubice CZE"]
[Date "2014.07.16"]
[Round "1.17"]
[White "Akesson, Ralf"]
[Black "Shevchenko, Kirill"]
[Result "0-1"]
[WhiteTitle "GM"]
[BlackTitle "CM"]
[WhiteElo "2462"]
[BlackElo "2100"]
[WhiteFideId "1700120"]
[BlackFideId "14129574"]
[EventDate "2014.07.16"]

1. Nf3 Nf6 2. c4 e6 3. g3 d5 4. Bg2 Be7 5. d4 O-O 6. O-O dxc4 7. Qc2 a6 8. a4
Bd7 9. Qxc4 Bc6 10. Bg5 Bd5 11. Qd3 c5 12. Nc3 Bc6 13. e4 cxd4 14. Qxd4 h6 15.
Bf4 Nbd7 16. Rad1 Qa5 17. Bd6 Bxd6 18. Qxd6 Qc5 19. e5 Qxd6 20. Rxd6 Bxf3 21.
Bxf3 Nxe5 22. Bxb7 Rab8 23. Bxa6 Rxb2 24. Rc1 Neg4 25. Be2 Rc8 26. h3 Ne4 27.
Rd3 Ngxf2 28. Re3 Rxc3 29. Rexc3 Nxc3 30. Rxc3 Rxe2 31. Ra3 Nxh3+ 32. Kf1 Rb2
33. a5 Rb7 34. a6 Ra7 35. Ke2 e5 36. Kd3 f5 37. Kc4 e4 38. Kb5 Kf7 39. Kb6 Rxa6+
40. Kxa6 Kf6 41. Kb5 Kg5 42. Kc4 Kg4 43. Kd4 Ng1 44. Ra6 g5 45. Rxh6 Ne2+ 46.
Ke5 Nxg3 0-1

[Event "25th Czech Rapid G1 2014"]
[Site "Pardubice CZE"]
[Date "2014.07.16"]
[Round "1.18"]
[White "Bjornsson, Tomas"]
[Black "Mozharov, Mikhail"]
[Result "0-1"]
[WhiteTitle "FM"]
[BlackTitle "GM"]
[WhiteElo "2144"]
[BlackElo "2540"]
[WhiteFideId "2300303"]
[BlackFideId "4189825"]
[EventDate "2014.07.16"]

1. e4 c5 2. Nf3 e6 3. c3 d5 4. exd5 Qxd5 5. d4 Nf6 6. Be2 Be7 7. O-O cxd4 8.
cxd4 O-O 9. Nc3 Qd8 10. Bf4 Nc6 11. Rc1 a6 12. Re1 Nb4 13. a3 Nbd5 14. Nxd5 Nxd5
15. Bg3 Bd7 16. Ne5 Bb5 17. Bxb5 axb5 18. Qb3 b4 19. axb4 Bxb4 20. Red1 Qa5 21.
Nd3 Rfc8 22. Nxb4 Qxb4 23. Qxb4 Nxb4 24. h3 Rxc1 25. Rxc1 Nc6 26. b4 Nxb4 27.
Rb1 Nc6 28. Rxb7 Nxd4 29. Kh2 f6 30. Bd6 Rc8 31. Rb8 Rxb8 32. Bxb8 Kf7 33. f4
Nb5 0-1

[Event "25th Czech Rapid G1 2014"]
[Site "Pardubice CZE"]
[Date "2014.07.16"]
[Round "1.19"]
[White "Potapov, Pavel"]
[Black "Maslak, Alexander"]
[Result "1/2-1/2"]
[WhiteTitle "IM"]
[WhiteElo "2482"]
[BlackElo "2170"]
[WhiteFideId "4169786"]
[BlackFideId "4130871"]
[EventDate "2014.07.16"]

1. e4 c5 2. c3 d5 3. exd5 Qxd5 4. d4 cxd4 5. cxd4 Nc6 6. Nf3 e5 7. Nc3 Bb4 8.
Bd2 Bxc3 9. Bxc3 e4 10. Ne5 Nxe5 11. dxe5 Ne7 12. Qa4+ Bd7 13. Qa3 Qe6 14. Rd1
O-O 15. Rd6 Qf5 16. Be2 Bc6 17. Qc5 Ng6 18. g3 Rfe8 19. g4 Qf4 20. e6 f6 21. Bd2
Qe5 22. Qxe5 Nxe5 23. Bc3 Rad8 24. Rxd8 Rxd8 25. O-O Kf8 26. Bb4+ Ke8 27. Rc1
Nd3 28. Bxd3 exd3 29. f4 d2 30. Rd1 Bf3 31. Rxd2 Rxd2 32. Bxd2 1/2-1/2

[Event "25th Czech Rapid G1 2014"]
[Site "Pardubice CZE"]
[Date "2014.07.16"]
[Round "1.20"]
[White "Jezbera, Jiri"]
[Black "Gutman, Gennadi"]
[Result "1-0"]
[BlackTitle "GM"]
[WhiteElo "2200"]
[BlackElo "2479"]
[WhiteFideId "329185"]
[BlackFideId "14102277"]
[EventDate "2014.07.16"]

1. f4 d6 2. d4 g6 3. Nf3 Bg7 4. e4 Nf6 5. Bd3 O-O 6. O-O Na6 7. c3 c5 8. Na3
cxd4 9. cxd4 Nb4 10. Bb1 Bg4 11. Be3 Rc8 12. h3 Bd7 13. Nc2 Nxc2 14. Bxc2 d5 15.
e5 Ne4 16. Bb3 Bb5 17. Re1 f5 18. Rc1 Qd7 19. Rxc8 Rxc8 20. Qb1 e6 21. Rc1 Bf8
22. Rxc8 Qxc8 23. Qc1 Qd7 24. Ng5 a5 25. Nxe4 fxe4 26. g4 a4 27. Bd1 Qc6 28.
Qxc6 bxc6 29. a3 Kf7 30. Kg2 Ke8 31. h4 Kd7 32. Kg3 c5 33. h5 cxd4 34. Bxd4 Kc6
35. hxg6 hxg6 36. Kf2 Be7 37. g5 Bd8 38. Ke3 Ba5 39. Bh5 Bb6 40. Bxg6 Bxd4+ 41.
Kxd4 Kd7 42. f5 exf5 43. Bxf5+ Ke7 44. g6 Be8 45. g7 Kf7 46. Bg6+ 1-0

[Event "25th Czech Rapid G1 2014"]
[Site "Pardubice CZE"]
[Date "2014.07.16"]
[Round "1.21"]
[White "Vishnu Prasanna, V"]
[Black "Petuchov, Sergej"]
[Result "1-0"]
[WhiteTitle "GM"]
[WhiteElo "2459"]
[BlackElo "2119"]
[WhiteFideId "5030692"]
[BlackFideId "309567"]
[EventDate "2014.07.16"]

1. e4 e5 2. Nc3 Nf6 3. g3 d5 4. exd5 Nxd5 5. Bg2 c6 6. Nf3 Nd7 7. O-O Be7 8. Re1
Nxc3 9. bxc3 Qc7 10. d4 O-O 11. Nxe5 Nxe5 12. Rxe5 Bf6 13. Re1 Be6 14. a4 Rfd8
15. a5 c5 16. Bf4 Qc8 17. a6 Bd5 18. Bxd5 Rxd5 19. Qf3 Rd7 20. dxc5 bxa6 21.
Rxa6 Rd8 22. Rxf6 gxf6 23. Bh6 Re8 24. Rxe8+ Qxe8 25. Qg4+ 1-0

[Event "25th Czech Rapid G1 2014"]
[Site "Pardubice CZE"]
[Date "2014.07.16"]
[Round "1.22"]
[White "Dorst, Johannes"]
[Black "Venkatesh, M.R."]
[Result "1/2-1/2"]
[BlackTitle "GM"]
[WhiteElo "2299"]
[BlackElo "2498"]
[WhiteFideId "4650433"]
[BlackFideId "5005779"]
[EventDate "2014.07.16"]

1. e4 c5 2. Nc3 Nc6 3. Bb5 g6 4. Bxc6 dxc6 5. d3 Bg7 6. Be3 b6 7. Qd2 h6 8. f4
e5 9. Nf3 exf4 10. Bxf4 Ne7 11. O-O g5 12. Bg3 Ng6 13. Kh1 O-O 14. Rae1 g4 15.
Ng1 h5 16. Bf2 Be5 17. Be3 Be6 18. Nge2 Kh7 19. Nf4 h4 20. Nxe6 fxe6 21. Qe2 Bd4
22. Nd1 Bxe3 23. Nxe3 Qg5 24. Rxf8 Rxf8 25. Nxg4 Nf4 26. Qf3 Ng6 27. Qe2 Nf4 28.
Qf3 Ng6 29. Qe2 Nf4 30. Qf3 1/2-1/2